| 000 | 01572nam a22001577a 4500 | ||
|---|---|---|---|
| 041 | _aukr | ||
| 080 | _a09 | ||
| 090 | _bБОР | ||
| 100 | _aБорищук Б.С. | ||
| 245 | _aЛексико-семантичне поле пейзажу в творі Дж.Р.Р.Толкіна "Володар Перснів" | ||
| 260 |
_aОстрог _bКАФ _c2009 |
||
| 300 | _a46 | ||
| 520 |
_aВСТУП
РОЗДІЛ 1 СЕМАНТИКА ЯК НАУКА ТА ТЕОРЕТИЧНІ ЗАСАДИ ДОСЛІДЖЕННЯ СЕМАНТИЧНОГО ПОЛЯ
1.1 Семантика як розділ мовознавчої науки.
1.2 Лексико-семантичне поле як структурний компонент та методи його дослідження.
РОЗДІЛ 2 ЛЕКСИКО-СЕМАНТИЧНЕ ПОЛЕ У ТВОРАХ АНГЛІЙСЬКИХ ПИСЬМЕННИКІВ
2.1 Лексико-семантичні та структурні особливості дискурсу "Природа" у творах англійських письменників 18-20 століття.
РОЗДІЛ 3 ЛЕКСИКО-СЕМАНТИЧНЕ ПОЛЕ "ПЕЙЗАЖ" У ТВОРІ ТОЛКІНА "ВОЛОДАР ПЕРСНІВ"
3.1 Концептуальні проблеми перекладу творів Джона Толкіна.
3.2 Лексико-семантичне поле "пейзаж" у творі "Володар кілець" Дж.Толкіна.
ВИСНОВКИ _0семантика,пейзаж, |
||
| 650 | _aResearch Papers | ||
| 999 |
_c284163 _d284163 |
||
| 942 | _cBK | ||